HUMAN RESOURCE MANAGEMENT WITH LEADERSHIP PERSPECTIVE (Record no. 540416)
[ view plain ]
| 000 -LEADER | |
|---|---|
| fixed length control field | 00669nam a22001817a 4500 |
| 020 ## - INTERNATIONAL STANDARD BOOK NUMBER | |
| Qualifying information | Hard Cover. |
| 082 ## - DEWEY DECIMAL CLASSIFICATION NUMBER | |
| Classification number | 004 |
| 100 ## - MAIN ENTRY--PERSONAL NAME | |
| Personal name | Ahmed, Sarhan, Mohammad Mohsin Sardar, & Rashid Ali |
| 245 ## - TITLE STATEMENT | |
| Title | HUMAN RESOURCE MANAGEMENT WITH LEADERSHIP PERSPECTIVE |
| Statement of responsibility, etc. | Sarhan Ahmed, Mohammad Mohsin Sardar, & Rashid Ali |
| 260 ## - PUBLICATION, DISTRIBUTION, ETC. | |
| Place of publication, distribution, etc. | Islamabad : |
| Name of publisher, distributor, etc. | SEECS - NUST, |
| Date of publication, distribution, etc. | 2006. |
| 300 ## - PHYSICAL DESCRIPTION | |
| Extent | vi, 64 p. : ill. ; |
| Dimensions | 30cm. |
| 563 ## - BINDING INFORMATION | |
| Binding note | HB |
| 650 ## - SUBJECT ADDED ENTRY--TOPICAL TERM | |
| Topical term or geographic name entry element | Computer Science Engineering-Project Report |
| 700 ## - ADDED ENTRY--PERSONAL NAME | |
| Personal name | Mr. Muhammad Yousaf |
| 856 ## - Uniform Resource Identifier | |
| Uniform Resource Identifier | <a href="http://10.250.8.41:8080/xmlui/handle/123456789/29649">http://10.250.8.41:8080/xmlui/handle/123456789/29649</a> |
| 942 ## - ADDED ENTRY ELEMENTS (KOHA) | |
| Source of classification or shelving scheme | |
| Koha item type | Project Report |
| 650 ## - SUBJECT ADDED ENTRY--TOPICAL TERM | |
| -- | 31419 |
| 700 ## - ADDED ENTRY--PERSONAL NAME | |
| -- | 31155 |
| Withdrawn status | Lost status | Source of classification or shelving scheme | Damaged status | Not for loan | Permanent Location | Current Location | Shelving location | Date acquired | Full call number | Barcode | Date last seen | Price effective from | Koha item type |
|---|---|---|---|---|---|---|---|---|---|---|---|---|---|
| WITHDRAWN | Central Library (CL) | Central Library (CL) | Thesis | 10/23/2020 | 004 | CL-BP-590 | 10/23/2020 | 10/23/2020 | Project Report |
